Roménia - Statistics

Estatísticas Gerais
  • Esse quiz foi jogado 16 vezes
  • A pontuação média é 6 de 14
Estatísticas das Respostas
Hint Resposta % Correto
Onde fica? Europa
100%
Qual é a sua capital? Bucareste
90%
Qual é a sua moeda? Leu romeno
90%
Qual é o seu idioma? Romeno
90%
O castelo de que conde fica no país? Drácula
70%
Qual é o desporto mais popular? Futebol
70%
Na Roménia se uma família tiver mais do que um filho quantos podem casar por ano? Um
20%
Qual é o seu ponto mais alto? Monte Moldoveanu
10%
Como se chama a ginasta mais conhecida do país? Nadia Comaneci
10%
Qual é o seu código ISO? ROU
10%
Qual é a sua bebida típica? Țuică
10%
Como se chama a sua famosa biblioteca? Cărtureşti Carusel
0%
Que famoso cemitério tem lápides coloridas? Cemitério de Merry
0%
Qual é o seu prato típico? Moussaka
0%
Nenhum quiz correspondente encontrado
Distribuição das Pontuações
Porcentagem de Pessoas com Cada Pontuação
Percentil de Números Respondidos
Sua Pontuação Histórica
Você não jogou esse quiz